<?xml version="1.0" encoding="UTF-8"?>
<record
    xmlns:xsi="http://www.w3.org/2001/XMLSchema-instance"
    xsi:schemaLocation="http://www.loc.gov/MARC21/slim http://www.loc.gov/standards/marcxml/schema/MARC21slim.xsd"
    xmlns="http://www.loc.gov/MARC21/slim">

  <leader>00522    a2200157   4500</leader>
  <controlfield tag="003">OSt</controlfield>
  <controlfield tag="005">20231122141120.0</controlfield>
  <controlfield tag="008">231122b        |||||||| |||| 00| 0 eng d</controlfield>
  <datafield tag="020" ind1=" " ind2=" ">
    <subfield code="a">9788174823816</subfield>
  </datafield>
  <datafield tag="040" ind1=" " ind2=" ">
    <subfield code="c">oclc</subfield>
  </datafield>
  <datafield tag="082" ind1=" " ind2=" ">
    <subfield code="a">540</subfield>
    <subfield code="b">KUL/U</subfield>
  </datafield>
  <datafield tag="100" ind1=" " ind2=" ">
    <subfield code="a">Kulshrestha, Hemant </subfield>
    <subfield code="9">8444</subfield>
  </datafield>
  <datafield tag="245" ind1=" " ind2=" ">
    <subfield code="a">Upkar's CSIR-UGC NET/JRF/SET Chemical Sciences through solved papers /</subfield>
    <subfield code="c">Dr. Hemant Kulshreshtha and Prof. Ajay Taneja</subfield>
  </datafield>
  <datafield tag="260" ind1=" " ind2=" ">
    <subfield code="a">Agra:</subfield>
    <subfield code="b">Upkar Prakashan</subfield>
  </datafield>
  <datafield tag="942" ind1=" " ind2=" ">
    <subfield code="2">ddc</subfield>
    <subfield code="c">BK</subfield>
    <subfield code="h">540</subfield>
    <subfield code="i">KUL/U</subfield>
    <subfield code="k">540</subfield>
    <subfield code="m">KUL/U</subfield>
  </datafield>
  <datafield tag="952" ind1=" " ind2=" ">
    <subfield code="0">0</subfield>
    <subfield code="1">0</subfield>
    <subfield code="2">ddc</subfield>
    <subfield code="4">0</subfield>
    <subfield code="7">0</subfield>
    <subfield code="8">UGC</subfield>
    <subfield code="a">MES</subfield>
    <subfield code="b">MES</subfield>
    <subfield code="c">CAREER CORNER</subfield>
    <subfield code="d">2023-11-22</subfield>
    <subfield code="l">0</subfield>
    <subfield code="o">540 KUL/U</subfield>
    <subfield code="p">43601</subfield>
    <subfield code="r">2023-11-22 14:12:24</subfield>
    <subfield code="t">1</subfield>
    <subfield code="v">960.00</subfield>
    <subfield code="w">2023-11-22</subfield>
    <subfield code="y">BK</subfield>
    <subfield code="z">U11R2</subfield>
  </datafield>
  <datafield tag="952" ind1=" " ind2=" ">
    <subfield code="0">0</subfield>
    <subfield code="1">0</subfield>
    <subfield code="2">ddc</subfield>
    <subfield code="4">0</subfield>
    <subfield code="7">0</subfield>
    <subfield code="8">UGC</subfield>
    <subfield code="a">MES</subfield>
    <subfield code="b">MES</subfield>
    <subfield code="c">CAREER CORNER</subfield>
    <subfield code="d">2023-11-22</subfield>
    <subfield code="l">0</subfield>
    <subfield code="o">540 KUL/U</subfield>
    <subfield code="p">43602</subfield>
    <subfield code="r">2023-11-22 14:12:24</subfield>
    <subfield code="t">2</subfield>
    <subfield code="v">960.00</subfield>
    <subfield code="w">2023-11-22</subfield>
    <subfield code="y">BK</subfield>
    <subfield code="z">U11R2</subfield>
  </datafield>
  <datafield tag="952" ind1=" " ind2=" ">
    <subfield code="0">0</subfield>
    <subfield code="1">0</subfield>
    <subfield code="2">ddc</subfield>
    <subfield code="4">0</subfield>
    <subfield code="7">0</subfield>
    <subfield code="8">UGC</subfield>
    <subfield code="a">MES</subfield>
    <subfield code="b">MES</subfield>
    <subfield code="c">CAREER CORNER</subfield>
    <subfield code="d">2023-11-22</subfield>
    <subfield code="l">4</subfield>
    <subfield code="m">5</subfield>
    <subfield code="o">540 KUL/U</subfield>
    <subfield code="p">43603</subfield>
    <subfield code="q">2026-06-06</subfield>
    <subfield code="r">2026-04-25 13:12:35</subfield>
    <subfield code="s">2026-04-25</subfield>
    <subfield code="t">3</subfield>
    <subfield code="v">960.00</subfield>
    <subfield code="w">2023-11-22</subfield>
    <subfield code="y">BK</subfield>
    <subfield code="z">U11R2</subfield>
  </datafield>
  <datafield tag="952" ind1=" " ind2=" ">
    <subfield code="0">0</subfield>
    <subfield code="1">0</subfield>
    <subfield code="2">ddc</subfield>
    <subfield code="4">0</subfield>
    <subfield code="7">0</subfield>
    <subfield code="8">UGC</subfield>
    <subfield code="a">MES</subfield>
    <subfield code="b">MES</subfield>
    <subfield code="c">CAREER CORNER</subfield>
    <subfield code="d">2023-11-22</subfield>
    <subfield code="l">5</subfield>
    <subfield code="m">5</subfield>
    <subfield code="o">540 KUL/U</subfield>
    <subfield code="p">43604</subfield>
    <subfield code="r">2026-02-24 13:19:44</subfield>
    <subfield code="s">2026-01-23</subfield>
    <subfield code="t">4</subfield>
    <subfield code="v">960.00</subfield>
    <subfield code="w">2023-11-22</subfield>
    <subfield code="y">BK</subfield>
    <subfield code="z">U11R2</subfield>
  </datafield>
  <datafield tag="952" ind1=" " ind2=" ">
    <subfield code="0">0</subfield>
    <subfield code="1">0</subfield>
    <subfield code="2">ddc</subfield>
    <subfield code="4">0</subfield>
    <subfield code="7">0</subfield>
    <subfield code="8">UGC</subfield>
    <subfield code="a">MES</subfield>
    <subfield code="b">MES</subfield>
    <subfield code="c">CAREER CORNER</subfield>
    <subfield code="d">2023-11-22</subfield>
    <subfield code="l">0</subfield>
    <subfield code="o">540 KUL/U</subfield>
    <subfield code="p">43605</subfield>
    <subfield code="r">2023-11-22 14:12:24</subfield>
    <subfield code="t">5</subfield>
    <subfield code="v">960.00</subfield>
    <subfield code="w">2023-11-22</subfield>
    <subfield code="y">BK</subfield>
    <subfield code="z">U11R2</subfield>
  </datafield>
  <datafield tag="952" ind1=" " ind2=" ">
    <subfield code="0">0</subfield>
    <subfield code="1">0</subfield>
    <subfield code="2">ddc</subfield>
    <subfield code="4">0</subfield>
    <subfield code="7">0</subfield>
    <subfield code="8">UGC</subfield>
    <subfield code="a">MES</subfield>
    <subfield code="b">MES</subfield>
    <subfield code="c">CAREER CORNER</subfield>
    <subfield code="d">2023-11-22</subfield>
    <subfield code="l">2</subfield>
    <subfield code="m">4</subfield>
    <subfield code="o">540 KUL/U</subfield>
    <subfield code="p">43606</subfield>
    <subfield code="r">2025-03-26 09:00:22</subfield>
    <subfield code="s">2025-02-17</subfield>
    <subfield code="t">6</subfield>
    <subfield code="v">960.00</subfield>
    <subfield code="w">2023-11-22</subfield>
    <subfield code="y">BK</subfield>
    <subfield code="z">U11R2</subfield>
  </datafield>
  <datafield tag="952" ind1=" " ind2=" ">
    <subfield code="0">0</subfield>
    <subfield code="1">0</subfield>
    <subfield code="2">ddc</subfield>
    <subfield code="4">0</subfield>
    <subfield code="7">0</subfield>
    <subfield code="8">UGC</subfield>
    <subfield code="a">MES</subfield>
    <subfield code="b">MES</subfield>
    <subfield code="c">CAREER CORNER</subfield>
    <subfield code="d">2023-11-22</subfield>
    <subfield code="l">0</subfield>
    <subfield code="o">540 KUL/U</subfield>
    <subfield code="p">43607</subfield>
    <subfield code="r">2023-11-22 14:12:24</subfield>
    <subfield code="t">7</subfield>
    <subfield code="v">960.00</subfield>
    <subfield code="w">2023-11-22</subfield>
    <subfield code="y">BK</subfield>
    <subfield code="z">U11R2</subfield>
  </datafield>
  <datafield tag="952" ind1=" " ind2=" ">
    <subfield code="0">0</subfield>
    <subfield code="1">0</subfield>
    <subfield code="2">ddc</subfield>
    <subfield code="4">0</subfield>
    <subfield code="7">0</subfield>
    <subfield code="8">UGC</subfield>
    <subfield code="a">MES</subfield>
    <subfield code="b">MES</subfield>
    <subfield code="c">CAREER CORNER</subfield>
    <subfield code="d">2023-11-22</subfield>
    <subfield code="l">0</subfield>
    <subfield code="o">540 KUL/U</subfield>
    <subfield code="p">43608</subfield>
    <subfield code="r">2023-11-22 14:12:24</subfield>
    <subfield code="t">8</subfield>
    <subfield code="v">960.00</subfield>
    <subfield code="w">2023-11-22</subfield>
    <subfield code="y">BK</subfield>
    <subfield code="z">U11R2</subfield>
  </datafield>
  <datafield tag="952" ind1=" " ind2=" ">
    <subfield code="0">0</subfield>
    <subfield code="1">0</subfield>
    <subfield code="2">ddc</subfield>
    <subfield code="4">0</subfield>
    <subfield code="7">0</subfield>
    <subfield code="8">UGC</subfield>
    <subfield code="a">MES</subfield>
    <subfield code="b">MES</subfield>
    <subfield code="c">CAREER CORNER</subfield>
    <subfield code="d">2023-11-22</subfield>
    <subfield code="l">0</subfield>
    <subfield code="o">540 KUL/U</subfield>
    <subfield code="p">43609</subfield>
    <subfield code="r">2023-11-22 14:12:24</subfield>
    <subfield code="t">9</subfield>
    <subfield code="v">960.00</subfield>
    <subfield code="w">2023-11-22</subfield>
    <subfield code="y">BK</subfield>
    <subfield code="z">U11R2</subfield>
  </datafield>
  <datafield tag="952" ind1=" " ind2=" ">
    <subfield code="0">0</subfield>
    <subfield code="1">0</subfield>
    <subfield code="2">ddc</subfield>
    <subfield code="4">0</subfield>
    <subfield code="7">0</subfield>
    <subfield code="8">UGC</subfield>
    <subfield code="a">MES</subfield>
    <subfield code="b">MES</subfield>
    <subfield code="c">CAREER CORNER</subfield>
    <subfield code="d">2023-11-22</subfield>
    <subfield code="l">0</subfield>
    <subfield code="o">540 KUL/U</subfield>
    <subfield code="p">43610</subfield>
    <subfield code="r">2023-11-22 14:12:24</subfield>
    <subfield code="t">10</subfield>
    <subfield code="v">960.00</subfield>
    <subfield code="w">2023-11-22</subfield>
    <subfield code="y">BK</subfield>
    <subfield code="z">U11R2</subfield>
  </datafield>
  <datafield tag="999" ind1=" " ind2=" ">
    <subfield code="c">41849</subfield>
    <subfield code="d">41849</subfield>
  </datafield>
</record>
